Electricidad y magnetismo.
Uloženo v:
| Hlavní autor: | |
|---|---|
| Médium: | Kniha |
| Vydáno: |
Ciudad de México, México:
McGraw Hill,
1999.
|
| Témata: | |
| Tagy: |
Přidat tag
Žádné tagy, Buďte první, kdo vytvoří štítek k tomuto záznamu!
|
MARC
| LEADER | 00000nam a2200000 a 4500 | ||
|---|---|---|---|
| 001 | UCN4923 | ||
| 003 | CL-VaPUC | ||
| 005 | 20220905133359.0 | ||
| 008 | 220905t1999 ||||| |||| 00| 0 eng d | ||
| 999 | |c 296766 |d 296764 | ||
| 020 | |a 970-10-2563-6 | ||
| 040 | |c Pontificia Universidad Católica de Valparaíso | ||
| 082 | 0 | 4 | |a 537 SER 1999 |2 21 |
| 100 | 0 | |a Serway, Raymond A |e autor |9 254 | |
| 245 | 1 | 0 | |a Electricidad y magnetismo. |
| 260 | |a Ciudad de México, México: |b McGraw Hill, |c 1999. | ||
| 300 | |a 389 páginas. | ||
| 500 | |a c.2. Donación Biblioteca Ingeniería. Memo ING 08/2022. 18/08/2022. | ||
| 583 | |a last modification |c 20010817 00:00:00 |k Rodrigo Vera | ||
| 650 | 0 | |a Magnetismo |9 260336 | |
| 650 | 0 | |a Campos eléctricos |2 CL-VaPUC |9 345812 | |
| 650 | 0 | |a Potencial eléctrico |2 CL-VaPUC |9 345810 | |
| 650 | 0 | |a Corrientes eléctricas |9 354960 | |
| 650 | 0 | |a Campos magnéticos |2 CL-VaPUC |9 354933 | |
| 650 | 0 | |a Inductancia |2 CL-VaPUC |9 354945 | |
| 650 | 0 | |a Optica geométrica |9 355299 | |
| 650 | 0 | |a Optica |9 263171 | |
| 650 | 0 | |a Luz |9 263172 | |
| 942 | |c BK |2 ddc | ||
| 945 | |d 20010817 00:00:00 |a vberengu | ||
| 952 | |0 0 |1 0 |2 ddc |4 0 |6 537_000000000000000_SER_1999 |7 0 |8 A |9 350934 |a BIBING |b BIBING |c RES |d 2019-11-20 |i 3746038 |o 537 SER 1999 |p 3746038 |r 2025-01-20 |w 2019-11-20 |y BK |k EIQ | ||
| 952 | |0 0 |1 0 |2 ddc |4 0 |6 537_000000000000000_SER_1999 |7 0 |8 R |9 586597 |a BIBMEC |b BIBMEC |c RES |d 2022-09-05 |e Donación |i 5654566 |o 537 SER 1999 |p 5654566 |r 2024-01-19 |t 2 |w 2022-09-05 |y BK_R |k MEC | ||